20 Largest South American Metro Areas - Statistics

General Stats
  • This quiz has been taken 142 times
  • The average score is 16 of 20
Answer Stats
Population City Country % Correct
9,800,000 Bogotá Colombia
100%
16,600,000 Buenos Aires Argentina
100%
13,300,000 Rio de Janeiro Brazil
100%
11,100,000 Lima Peru
99%
22,600,000 São Paulo Brazil
99%
7,800,000 Santiago Chile
98%
3,775,000 Caracas Venezuela
97%
4,100,000 Medellín Colombia
91%
2,775,000 Quito Ecuador
91%
4,050,000 Brasília Brazil
89%
5,050,000 Belo Horizonte Brazil
84%
3,850,000 Recife Brazil
81%
2,900,000 Cali Colombia
76%
3,625,000 Salvador Brazil
76%
3,200,000 Guayaquil Ecuador
73%
4,150,000 Porto Alegre Brazil
72%
3,725,000 Fortaleza Brazil
68%
3,450,000 Curitiba Brazil
56%
2,675,000 Maracaibo Venezuela
44%
3,250,000 Campinas Brazil
28%
No matching quizzes found
Score Distribution
Percent of People with Each Score
Percentile by Number Answered
Your Score History
You have not taken this quiz